000 00909nam a2200205Ia 4500
003 IN-BaIIA
008 211028s9999 xx 000 0 eng d
020 _a0-306-43702-3
040 _cIIA Library
080 _a539.2(082.1)
_bKIN
111 _aNATO Advanced Research Workshop on Kinetics of Ordering and Growth at Surfaces
_cAcquafredda di Maratea, Italy
_d1989 Sep. 18-22
_923540
245 0 _aKinetics of ordering and growth at surfaces
_bproceedings of a NATO advanced research workshop on kinetics of ordering and growth at surfaces, held in Acquafredda di Maratea, Italy, 18-22 Sep 1989
_cedited by Max G. Lagally
260 _aNew York
_bPlenum Press
_c1990
300 _axi, 519p.
490 _aNATO ASI series. series B : Physics; vol. 239
650 _aSurfaces
_919581
650 _aThin films
_93173
700 _aLagally, Max G .,ed.
_923541
942 _cBK
999 _c13427
_d13427